Reforma agraria y desarrollo rural en la región, con referencia a la Conferencia Mundial sobre Reforma Agraria y Desarrollo Rural
Sparad:
| Institutionell upphovsman: | |
|---|---|
| Materialtyp: | Text |
| Publicerad: |
Montevideo :
|
| Taggar: |
Lägg till en tagg
Inga taggar, Lägg till första taggen!
|
MARC
| LEADER | 00000 a a2200000 04500 | ||
|---|---|---|---|
| 001 | 15690 | ||
| 003 | |||
| 040 | |||
| 090 | |a 014300 | ||
| 110 | |a FAO | ||
| 245 | |a Reforma agraria y desarrollo rural en la región, con referencia a la Conferencia Mundial sobre Reforma Agraria y Desarrollo Rural | ||
| 260 | |a Montevideo : | ||
| 300 | |a 8 p. | ||
| 999 | |c 2288 |d 2288 | ||
